000 02201nam0a2200385 4500
001 RU\NLR\BIBL_A\012192462
005 20221215140057.0
010 _a978-5-9651-1221-0
_9300
021 _aRU
_bКН-П-19-098396
_9КН-П-19-7233
035 _a(NLR Aleph) 012192462
035 _a(RuMoRGB)010205905
090 _a12298830
_c12298830
100 _a20200130d2018 u y0rusy50 ca
101 0 _arus
102 _aRU
105 _aacb|j|||000zy
181 0 _ai
_baxxe
182 0 _an
200 1 _aГеография растений
_eучебное пособие
_fР.В. Камелин
_gФедеральное государственное бюджетное образовательное учреждение высшего образования Санкт-Петербургский государственный университет, Федеральное государственное бюджетное учреждение науки Ботанический институт им. В.Л. Комарова Российской академии наук
203 _aТекст
_bвизуальный
_cнепосредственный
210 _aСанкт-Петербург
_cВВМ
_d2018
215 _a304, [1] с., [1] л. портр.
_cцв. ил., карт., табл.
_d21
320 _aБиблиогр.: с. 303
606 1 _aФитогеография
_jУчебные издания
_2nlr_sh1
_2nlr_sh2
_3RU\NLR\AUTH\66281827
686 1 _aЕ585я7
700 1 _aКамелин
_bР. В.
_f1938-2016
_gРудольф Владимирович
_3RU\NLR\AUTH\7738114
856 4 _lVNP_OZTML
_tVIEW
_uhttps://webservices.nlr.ru/viewer/file?name=a012192462_002.txt
_yАннотация
856 4 _lVNP_OZTML
_tVIEW
_uhttps://webservices.nlr.ru/viewer/file?name=p012192462_003.jpg
_x001
_yСтраница
856 4 _lVNP_OZTML
_tVIEW
_uhttps://webservices.nlr.ru/viewer/file?name=p012192462_004.jpg
_x002
_yСтраница
856 4 1 _lVNP_OZTML
_tVIEW
_uhttps://webservices.nlr.ru/viewer/file?name=t012192462_001.jpg
_yОбложка
942 _cBOOK
980 _aNBR
980 _aNB